| 000 | 00377 a2200109 4500 | ||
|---|---|---|---|
| 001 | ART_8428 | ||
| 005 | 20260410161557.0 | ||
| 008 | 260409a | ||
| 245 | 1 | 0 | _aModificaciones propuestas por el IASB a la presentación del "otro resultado global" |
| 100 | 1 | _aSubelet, Carlos Javier | |
| 773 | 0 |
_tProfesional & Empresaria _g- Año XII, Nº 131 (ago. 2010) _wREV70 |
|
| 999 |
_c9338 _d9338 |
||